[Event "Oceania zt"]
[Site "Cammeray"]
[Date "2015.07.10"]
[Round "9"]
[White "Kordahi, Nicholas"]
[Black "Tracey, Michael"]
[Result "1-0"]
[WhiteElo "1878"]
[BlackElo "1689"]
[PlyCount "58"]
[EventDate "2015.07.04"]
[EventType "swiss"]
[EventRounds "9"]
[EventCountry "AUS"]
[SourceTitle "CBM 167 Extra"]
[Source "ChessBase"]
[SourceDate "2015.09.14"]
[SourceVersion "1"]
[SourceVersionDate "2015.09.14"]
[SourceQuality "1"]

1. e4 c5 2. Nf3 d6 3. d4 cxd4 4. Nxd4 Nf6 5. Nc3 g6 6. f4 Nc6 7. Be2 Bd7 8. Be3 Bg7 9. Qd2 0-0 10. f5 a6 11. g4 Rc8 12. g5 Ne8 13. h4 Ne5 14. h5 Nc4 15. Bxc4 Rxc4 16. hxg6 fxg6 17. Qh2 h6 18. 0-0-0 Nc7 19. gxh6 Be5 20. h7+ Kh8 21. Qe2 b5 22. fxg6 Bg7 23. Bh6 Ne8 24. Bxg7+ Nxg7 25. Rhf1 Qc8 26. Rxf8+ Qxf8 27. Rf1 Qd8 28. Qf2 Rc8 29. Qf7 e6 1-0

[Event "Oceania zt"]
[Site "Cammeray"]
[Date "2015.07.07"]
[Round "5"]
[White "Kordahi, Nicholas"]
[Black "Brockman, Roland"]
[Result "1-0"]
[WhiteElo "1878"]
[BlackElo "1685"]
[PlyCount "83"]
[EventDate "2015.07.04"]
[EventType "swiss"]
[EventRounds "9"]
[EventCountry "AUS"]
[SourceTitle "CBM 167 Extra"]
[Source "ChessBase"]
[SourceDate "2015.09.14"]
[SourceVersion "1"]
[SourceVersionDate "2015.09.14"]
[SourceQuality "1"]

1. e4 e5 2. Nf3 Nc6 3. Bb5 a6 4. Ba4 d6 5. c3 Bd7 6. h3 Nf6 7. d3 Be7 8. Nbd2 0-0 9. 0-0 b5 10. Bc2 Re8 11. Re1 Bf8 12. Nf1 g6 13. Be3 Bg7 14. Qd2 Ne7 15. Bh6 c5 16. Bxg7 Kxg7 17. d4 cxd4 18. cxd4 Nc6 19. Rad1 Qa5 20. dxe5 dxe5 21. Qxa5 Nxa5 22. Ne3 Bc6 23. b4 Nb7 24. Nd5 Rac8 25. Bb3 a5 26. bxa5 Nxa5 27. Nxf6 Kxf6 28. Bd5 Nc4 29. Re2 Ba8 30. h4 Na3 31. Ng5 Bxd5 32. exd5 h6 33. Ne4+ Ke7 34. d6+ Kd7 35. Nf6+ Ke6 36. Nxe8 Rxe8 37. f4 f6 38. fxe5 fxe5 39. Rxe5+ Kxe5 40. Re1+ Kxd6 41. Rxe8 Nb1 42. Rg8 1-0

[Event "Oceania zt"]
[Site "Cammeray"]
[Date "2015.07.06"]
[Round "4"]
[White "Antoniazzi, Francesco"]
[Black "Kordahi, Nicholas"]
[Result "1-0"]
[WhiteElo "1728"]
[BlackElo "1878"]
[PlyCount "103"]
[EventDate "2015.07.04"]
[EventType "swiss"]
[EventRounds "9"]
[EventCountry "AUS"]
[SourceTitle "CBM 167 Extra"]
[Source "ChessBase"]
[SourceDate "2015.09.14"]
[SourceVersion "1"]
[SourceVersionDate "2015.09.14"]
[SourceQuality "1"]

1. d4 Nf6 2. c4 g6 3. g3 c6 4. Bg2 d5 5. cxd5 cxd5 6. Nc3 Bg7 7. Nf3 0-0 8. 0-0 Nc6 9. Ne5 Bf5 10. Nxc6 bxc6 11. Bf4 Nd7 12. e4 dxe4 13. Nxe4 Qb6 14. Be3 Qxb2 15. Qa4 Qb5 16. Qa3 Rab8 17. Rfc1 e5 18. Nd6 Qb4 19. Qxb4 Rxb4 20. Nxf5 gxf5 21. dxe5 Rc8 22. f4 c5 23. Rc2 Bf8 24. Rd1 Nb6 25. Bf1 Re4 26. Kf2 Ra4 27. Bh3 Nc4 28. Bc1 Na3 29. Bxa3 Rxa3 30. Bxf5 Rc6 31. Bd3 Rb6 32. Bc4 Ra4 33. Bb3 Rab4 34. Rd7 Rxb3 35. axb3 Rxb3 36. Rxa7 Rb4 37. Ra8 Kg7 38. Rc8 Rb1 39. f5 Rh1 40. Kg2 Re1 41. f6+ Kg8 42. R8xc5 Bxc5 43. Rxc5 h6 44. Rc8+ Kh7 45. Rf8 Kg6 46. g4 Re3 47. Rg8+ Kh7 48. Rg7+ Kh8 49. Rxf7 Rxe5 50. Rf8+ Kh7 51. f7 Rg5 52. Kh3 1-0

[Event "Australian op"]
[Site "Cammeray"]
[Date "2013.01.06"]
[Round "5"]
[White "Low, Frank"]
[Black "Kordahi, Nicholas"]
[Result "0-1"]
[WhiteElo "1791"]
[BlackElo "1945"]
[PlyCount "76"]
[EventDate "2013.01.02"]
[EventType "swiss"]
[EventRounds "11"]
[EventCountry "AUS"]
[SourceTitle "CBM 152 Extra"]
[Source "ChessBase"]
[SourceDate "2013.02.25"]
[SourceVersion "1"]
[SourceVersionDate "2013.02.25"]
[SourceQuality "1"]

1. Nf3 Nf6 2. d4 g6 3. c4 Bg7 4. Nc3 d5 5. cxd5 Nxd5 6. e4 Nxc3 7. bxc3 c5 8. Bb5+ Bd7 9. Bxd7+ Nxd7 10. 0-0 Qa5 11. Qb3 b6 12. Bg5 Rc8 13. Rac1 h6 14. Bh4 0-0 15. Rfe1 c4 16. Qc2 Rfe8 17. e5 e6 18. Nd2 Qd5 19. Ne4 Bf8 20. Qa4 b5 21. Qd1 Be7 22. Bxe7 Rxe7 23. Rb1 a6 24. Qc1 Kh7 25. Re3 Kg7 26. Qa3 b4 27. Rxb4 Nxe5 28. Rxc4 Nxc4 29. Qxe7 Nxe3 30. Qf6+ Kg8 31. Qf3 Qb5 32. fxe3 Qb1+ 33. Kf2 Qxa2+ 34. Kg3 Qa3 35. c4 Qe7 36. Nc5 a5 37. Qd1 Qd6+ 38. Kf3 Rxc5 0-1

[Event "AUS-ch Reserves"]
[Site "Geelong"]
[Date "2012.01.08"]
[Round "11"]
[White "Buciu, Aurel John"]
[Black "Kordahi, Nicholas"]
[Result "1/2-1/2"]
[WhiteElo "1749"]
[BlackElo "1927"]
[PlyCount "101"]
[EventDate "2011.12.27"]
[EventType "swiss"]
[EventRounds "11"]
[EventCountry "AUS"]
[SourceTitle "EXT 2023"]
[Source "ChessBase"]
[SourceDate "2022.10.05"]
[SourceVersion "1"]
[SourceVersionDate "2022.10.05"]
[SourceQuality "1"]

1. d4 Nf6 2. Bf4 g6 3. Nf3 Bg7 4. e3 d6 5. c3 0-0 6. Nbd2 Nbd7 7. Be2 c5 8. a3 b6 9. h3 Bb7 10. 0-0 Re8 11. Re1 e5 12. dxe5 dxe5 13. Bg5 Qc7 14. Qc2 h6 15. Bh4 Nf8 16. Bxf6 Bxf6 17. Ne4 Bg7 18. Red1 Rad8 19. Bb5 Rxd1+ 20. Rxd1 Rd8 21. Rxd8 Qxd8 22. Qd3 Qxd3 23. Bxd3 Ne6 24. Nd6 Bc6 25. Bc4 Bd7 26. Kf1 Kf8 27. Ke2 Ke7 28. Nb5 a6 29. Na7 b5 30. Bd5 Kd6 31. Bb7 a5 32. Ba6 Nc7 33. Nc8+ Kc6 34. Ne7+ Kd6 35. Nc8+ Kc6 36. Ne7+ Kd6 37. Nc8+ Bxc8 38. Bxc8 b4 39. axb4 cxb4 40. cxb4 axb4 41. Nd2 Kc5 42. b3 f5 43. f3 Nd5 44. Be6 Bf8 45. Bxd5 Kxd5 46. g3 g5 47. Kd3 h5 48. e4+ Ke6 49. Kc4 Kf6 50. Kd5 g4 51. hxg4 1/2-1/2

[Event "AUS-ch Reserves"]
[Site "Geelong"]
[Date "2012.01.02"]
[Round "6"]
[White "Kordahi, Nicholas"]
[Black "Wijesuriya, G Vineetha"]
[Result "1/2-1/2"]
[WhiteElo "1927"]
[BlackElo "1855"]
[PlyCount "130"]
[EventDate "2011.12.27"]
[EventType "swiss"]
[EventRounds "11"]
[EventCountry "AUS"]
[SourceTitle "EXT 2023"]
[Source "ChessBase"]
[SourceDate "2022.10.05"]
[SourceVersion "1"]
[SourceVersionDate "2022.10.05"]
[SourceQuality "1"]

1. e4 e6 2. d3 d5 3. Nd2 Nf6 4. g3 Nc6 5. Bg2 Bc5 6. Ngf3 dxe4 7. dxe4 e5 8. h3 0-0 9. 0-0 h6 10. Qe2 a6 11. Nc4 Qe7 12. c3 b5 13. Ne3 Bxe3 14. Bxe3 Be6 15. b3 Rad8 16. Nd2 Qd7 17. Kh2 Qd3 18. Qxd3 Rxd3 19. Rfc1 Rfd8 20. Rc2 Ne7 21. Bf1 R3d7 22. f3 Ng6 23. a4 c6 24. axb5 axb5 25. Ra6 Ne7 26. Rca2 Ne8 27. Ra8 Nc8 28. R8a6 Ne7 29. Ra7 Nc7 30. Be2 Nc8 31. R7a5 Kh7 32. f4 exf4 33. gxf4 f5 34. exf5 Bxf5 35. Nf3 Nd5 36. Bd2 Nf6 37. Be1 Be4 38. Ne5 Re7 39. Ra6 Rde8 40. Bf2 Nd6 41. Bc5 Re6 42. Bxd6 Rxd6 43. Bxb5 Nh5 44. Bxc6 Bxc6 45. Rxc6 Rxc6 46. Nxc6 Rc8 47. Ra6 Nxf4 48. c4 Re8 49. Kg3 Ng6 50. Kf3 Re6 51. Nb4 Re8 52. Nd5 Ne5+ 53. Kf4 Nd3+ 54. Kg3 Nc5 55. Rb6 Rf8 56. b4 Ne4+ 57. Kg2 Rf2+ 58. Kg1 Rf3 59. c5 Rg3+ 60. Kh2 Rg5 61. Ne3 Nd2 62. h4 Nf3+ 63. Kh3 Ng1+ 64. Kh2 Nf3+ 65. Kh3 Ng1+ 1/2-1/2

[Event "AUS-ch Reserves"]
[Site "Geelong"]
[Date "2011.12.29"]
[Round "3"]
[White "Kordahi, Nicholas"]
[Black "Savige, Colin"]
[Result "1/2-1/2"]
[WhiteElo "1927"]
[BlackElo "2066"]
[PlyCount "59"]
[EventDate "2011.12.27"]
[EventType "swiss"]
[EventRounds "11"]
[EventCountry "AUS"]
[SourceTitle "EXT 2023"]
[Source "ChessBase"]
[SourceDate "2022.10.05"]
[SourceVersion "1"]
[SourceVersionDate "2022.10.05"]
[SourceQuality "1"]

1. e4 c5 2. Nf3 Nc6 3. d3 e6 4. g3 d5 5. Nbd2 Nf6 6. Bg2 Be7 7. 0-0 0-0 8. e5 Nd7 9. Re1 Qc7 10. Qe2 b5 11. Nf1 a5 12. h4 Nd4 13. Nxd4 cxd4 14. Bf4 Ba6 15. Bxd5 exd5 16. e6 Bd6 17. Bxd6 Qxd6 18. exd7 Qxd7 19. Qe5 Rac8 20. Qxd4 Rxc2 21. Ne3 Rcc8 22. Rac1 Bb7 23. g4 Rxc1 24. Rxc1 Qd8 25. Nf5 Qf6 26. Qxf6 gxf6 27. Rc7 Ba6 28. Rc6 Bb7 29. Rxf6 Bc8 30. Ne7+ 1/2-1/2

[Event "Doeberl Cup Major 48th"]
[Site "Canberra"]
[Date "2010.04.02"]
[Round "1"]
[White "Cloudsdale, Colin"]
[Black "Kordahi, Nicholas"]
[Result "1-0"]
[WhiteElo "1923"]
[BlackElo "1659"]
[PlyCount "61"]
[EventDate "2010.04.02"]
[EventType "swiss"]
[EventRounds "7"]
[EventCountry "AUS"]
[SourceTitle "EXT 2012"]
[Source "ChessBase"]
[SourceDate "2011.11.24"]
[SourceVersion "1"]
[SourceVersionDate "2011.11.24"]
[SourceQuality "1"]

1. e4 c5 2. Nf3 Nc6 3. d4 cxd4 4. Nxd4 Nf6 5. Nc3 d6 6. Bc4 e6 7. Bb3 Be7 8. f4 0-0 9. Be3 Qa5 10. Qf3 Rd8 11. 0-0-0 d5 12. exd5 exd5 13. f5 Ne5 14. Qg3 Bd6 15. Qh4 Bd7 16. Bg5 Be7 17. Rhe1 Qc7 18. Kb1 Re8 19. Re3 Neg4 20. Rh3 h6 21. Nxd5 Nxd5 22. Bxe7 Nge3 23. Bxd5 Nxd5 24. Bg5 Rac8 25. Bxh6 Bxf5 26. Bf4 Bxc2+ 27. Ka1 f6 28. Bxc7 Bxd1 29. Nb5 Nxc7 30. Nd6 Nd5 31. Qh8# 1-0

[Event "Canberra ANU op"]
[Site "Canberra"]
[Date "2009.07.25"]
[Round "2"]
[White "Kordahi, Nicholas"]
[Black "Dunn, Michael G"]
[Result "0-1"]
[WhiteElo "1699"]
[BlackElo "1819"]
[PlyCount "78"]
[EventDate "2009.07.25"]
[EventType "swiss"]
[EventRounds "7"]
[EventCountry "AUS"]
[SourceTitle "EXT 2011"]
[Source "ChessBase"]
[SourceDate "2010.11.26"]
[SourceVersion "1"]
[SourceVersionDate "2010.11.26"]
[SourceQuality "1"]

1. e4 e6 2. d3 d5 3. Nd2 c5 4. g3 Nc6 5. Bg2 Nf6 6. Ngf3 Be7 7. 0-0 0-0 8. e5 Ne8 9. Re1 Nc7 10. Nf1 b5 11. Bf4 b4 12. h4 Nb5 13. N1h2 a5 14. Ng5 h6 15. Qh5 hxg5 16. hxg5 g6 17. Qh4 Ncd4 18. Ng4 Nf5 19. Qh3 Kg7 20. Nf6 Rh8 21. Qg4 Nbd4 22. Rac1 Bb7 23. f3 a4 24. Kf2 Qa5 25. Bd2 Qc7 26. Qf4 Nc6 27. g4 Nfd4 28. Rh1 Qxe5 29. Qxe5 Nxe5 30. Bf4 Nec6 31. Nd7 Rxh1 32. Bxh1 a3 33. b3 Nb5 34. Bg2 Nc3 35. Ne5 Nxe5 36. Bxe5+ f6 37. gxf6+ Bxf6 38. Bd6 Bd4+ 39. Kg3 Ne2+ 0-1

[Event "Doeberl Cup 47th"]
[Site "Canberra"]
[Date "2009.04.10"]
[Round "3"]
[White "Fitzpatrick, Andrew"]
[Black "Kordahi, Nicholas"]
[Result "1-0"]
[WhiteElo "2022"]
[BlackElo "1913"]
[PlyCount "31"]
[EventDate "2009.04.09"]
[EventType "swiss"]
[EventRounds "9"]
[EventCountry "AUS"]
[SourceTitle "CBM 129 Extra"]
[Source "ChessBase"]
[SourceDate "2009.05.05"]
[SourceVersion "2"]
[SourceVersionDate "2009.05.20"]
[SourceQuality "1"]

1. e4 c5 2. c3 Nf6 3. e5 Nd5 4. d4 cxd4 5. cxd4 Nc6 6. Nf3 d6 7. Nc3 Nxc3 8. bxc3 dxe5 9. d5 Nb8 10. Nxe5 e6 11. Bb5+ Bd7 12. dxe6 fxe6 13. Qh5+ g6 14. Nxg6 Bxb5 15. Ne5+ Ke7 16. Bg5+ 1-0

[Event "Doeberl Cup 47th"]
[Site "Canberra"]
[Date "2009.04.09"]
[Round "2"]
[White "Kordahi, Nicholas"]
[Black "Nguyen, Thu Giang"]
[Result "0-1"]
[WhiteElo "1913"]
[BlackElo "2105"]
[PlyCount "86"]
[EventDate "2009.04.09"]
[EventType "swiss"]
[EventRounds "9"]
[EventCountry "AUS"]
[SourceTitle "CBM 129 Extra"]
[Source "ChessBase"]
[SourceDate "2009.05.05"]
[SourceVersion "2"]
[SourceVersionDate "2009.05.20"]
[SourceQuality "1"]

1. e4 d5 2. exd5 Qxd5 3. Nf3 Nf6 4. Nc3 Qd6 5. Bc4 a6 6. 0-0 Bg4 7. Re1 e6 8. d4 b5 9. Bb3 c5 10. dxc5 Qxd1 11. Rxd1 Bxc5 12. Rd3 Bf5 13. Rd1 Nc6 14. Bf4 Bg4 15. a4 b4 16. Ne2 Ne4 17. Be3 Bxe3 18. fxe3 Nc5 19. Ba2 0-0 20. Ned4 Ne7 21. Rf1 Bf5 22. Bc4 Be4 23. Ne5 Bd5 24. Bxd5 Nxd5 25. Nc4 Rfd8 26. a5 Nxe3 27. Nc6 Nxc4 28. Nxd8 Rxd8 29. Rfd1 Rc8 30. b3 Ne3 31. Rd6 Nd5 32. Re1 Kf8 33. Kf2 Rb8 34. Rc6 Rb5 35. Ra1 Ke7 36. Rc8 f5 37. Ra8 h6 38. Kf3 Kf6 39. Ra7 Rb8 40. Re1 Rc8 41. g4 Ne7 42. Rd1 Nc6 43. Rdd7 Ne5+ 0-1

[Event "Doeberl Cup 47th"]
[Site "Canberra"]
[Date "2009.04.09"]
[Round "1"]
[White "Wallis, Christopher"]
[Black "Kordahi, Nicholas"]
[Result "1-0"]
[WhiteElo "2250"]
[BlackElo "1913"]
[PlyCount "80"]
[EventDate "2009.04.09"]
[EventType "swiss"]
[EventRounds "9"]
[EventCountry "AUS"]
[SourceTitle "CBM 129 Extra"]
[Source "ChessBase"]
[SourceDate "2009.05.05"]
[SourceVersion "2"]
[SourceVersionDate "2009.05.20"]
[SourceQuality "1"]

1. e4 c5 2. Nf3 Nc6 3. d4 cxd4 4. Nxd4 Nf6 5. Nc3 d6 6. Bg5 e6 7. Qd2 Be7 8. 0-0-0 0-0 9. f4 Nxd4 10. Qxd4 Qa5 11. Kb1 Rd8 12. Be2 e5 13. Qd2 Qc5 14. f5 Bd7 15. g4 Bc6 16. Be3 Qa5 17. Bf3 Qc7 18. g5 Ne8 19. g6 fxg6 20. fxg6 Nf6 21. gxh7+ Kh8 22. Rhg1 Bf8 23. Bg5 Qf7 24. Rdf1 Be7 25. Qe2 Rab8 26. Bh5 Qxh5 27. Bxf6 Qxe2 28. Bxg7+ Kxh7 29. Nxe2 Bxe4 30. Rf7 Bg6 31. Rxe7 Re8 32. Bf6+ Rxe7 33. Bxe7 Rc8 34. Nc3 Rc6 35. Rd1 d5 36. Rxd5 Re6 37. Bg5 e4 38. Rd7+ Kg8 39. Nd5 Re5 40. Nf6+ Kf8 1-0

[Event "Doeberl Cup 44th"]
[Site "Canberra"]
[Date "2006.04.16"]
[Round "5"]
[White "Chan, Jason"]
[Black "Kordahi, Nicholas"]
[Result "0-1"]
[WhiteElo "2044"]
[BlackElo "1724"]
[PlyCount "76"]
[EventDate "2006.04.14"]
[EventType "swiss"]
[EventRounds "7"]
[EventCountry "AUS"]
[SourceTitle "CBM 111 Extra"]
[Source "ChessBase"]
[SourceDate "2006.05.09"]
[SourceVersion "1"]
[SourceVersionDate "2006.05.09"]
[SourceQuality "1"]

1. e4 c5 2. Nf3 Nc6 3. d3 g6 4. g3 Bg7 5. Bg2 d6 6. 0-0 Nf6 7. Re1 0-0 8. c3 Rb8 9. d4 cxd4 10. cxd4 Bg4 11. h3 Bxf3 12. Bxf3 Qb6 13. d5 Ne5 14. Bg2 Rbc8 15. Nc3 Nc4 16. Qb3 Qxb3 17. axb3 Ne5 18. Rd1 a6 19. Be3 Ned7 20. Bd4 Nc5 21. Ra3 Nfd7 22. Bxg7 Kxg7 23. b4 b5 24. bxc5 b4 25. c6 bxa3 26. b4 Ne5 27. Bf1 Nxc6 28. dxc6 Rxc6 29. Na2 Rc2 30. Ra1 f5 31. exf5 Rb2 32. Nc1 Rxf5 33. Rxa3 Rxb4 34. Rxa6 Rd5 35. Nd3 Rb1 36. Ra3 e5 37. Kg2 e4 38. Ra7+ Kf6 0-1

[Event "Doeberl Cup 44th"]
[Site "Canberra"]
[Date "2006.04.15"]
[Round "4"]
[White "Kordahi, Nicholas"]
[Black "Hu, Jason"]
[Result "0-1"]
[WhiteElo "1724"]
[BlackElo "2009"]
[PlyCount "117"]
[EventDate "2006.04.14"]
[EventType "swiss"]
[EventRounds "7"]
[EventCountry "AUS"]
[SourceTitle "CBM 111 Extra"]
[Source "ChessBase"]
[SourceDate "2006.05.09"]
[SourceVersion "1"]
[SourceVersionDate "2006.05.09"]
[SourceQuality "1"]

1. e4 c6 2. d4 d5 3. Nc3 dxe4 4. Nxe4 Nd7 5. Bc4 Ngf6 6. Ng5 e6 7. Qe2 Nb6 8. Bb3 c5 9. N1f3 cxd4 10. Ne5 Bb4+ 11. c3 dxc3 12. Qb5+ Nbd7 13. 0-0 0-0 14. Nexf7 Qb6 15. Bxe6 Qxb5 16. Nh6+ Kh8 17. Ngf7+ Rxf7 18. Nxf7+ Kg8 19. Nd6+ Kf8 20. Nxb5 cxb2 21. Bxb2 a6 22. Nd4 Nc5 23. Bxc8 Rxc8 24. Rac1 Kf7 25. Rfd1 Re8 26. a3 Na4 27. axb4 Nxb2 28. Rd2 Nc4 29. Re2 Rc8 30. b5 Nd5 31. bxa6 bxa6 32. Rec2 Ndb6 33. Nf5 Rd8 34. g3 Rd5 35. Ne3 Nxe3 36. fxe3 Nd7 37. Ra2 Rd6 38. Rca1 Rd3 39. Kf2 Nc5 40. Rc2 Rd5 41. Kf3 Ke6 42. Rac1 Kd6 43. e4 Re5 44. Rc4 a5 45. Rd1+ Ke6 46. Rd8 Ke7 47. Rd5 Rxd5 48. exd5 Kd6 49. Rd4 a4 50. Rd2 Nb3 51. Rd3 Nc5 52. Rd1 Nb3 53. Ke4 a3 54. Kd3 a2 55. Kc3 a1Q+ 56. Rxa1 Nxa1 57. Kb2 Kxd5 58. Kxa1 Ke4 59. Kb2 0-1

[Event "Doeberl Cup 44th"]
[Site "Canberra"]
[Date "2006.04.14"]
[Round "1"]
[White "Skiotis, Pano"]
[Black "Kordahi, Nicholas"]
[Result "1-0"]
[WhiteElo "2045"]
[BlackElo "1724"]
[PlyCount "63"]
[EventDate "2006.04.14"]
[EventType "swiss"]
[EventRounds "7"]
[EventCountry "AUS"]
[SourceTitle "CBM 111 Extra"]
[Source "ChessBase"]
[SourceDate "2006.05.09"]
[SourceVersion "1"]
[SourceVersionDate "2006.05.09"]
[SourceQuality "1"]

1. d4 Nf6 2. c4 g6 3. Nc3 Bg7 4. e4 d6 5. Be2 0-0 6. Nf3 e5 7. 0-0 Nc6 8. d5 Ne7 9. b4 Nd7 10. c5 Nf6 11. Nd2 Ne8 12. Nc4 f5 13. f3 f4 14. a4 g5 15. Ba3 Ng6 16. b5 Rf7 17. a5 Bf8 18. Na4 h5 19. b6 Nf6 20. bxc7 Qxc7 21. cxd6 Qd7 22. Nc5 Qd8 23. Ne6 Qd7 24. Rb1 Ne8 25. Nb6 axb6 26. Bb5 Rxa5 27. Bxd7 Rxd7 28. Qb3 Bxd6 29. Bxd6 Nxd6 30. Qxb6 Nc4 31. Qd8+ Kh7 32. Nxg5+ 1-0

[Event "Doeberl Cup 43rd"]
[Site "Canberra"]
[Date "2005.03.27"]
[Round "6"]
[White "Flitney, Adrian"]
[Black "Kordahi, Nicholas"]
[Result "1-0"]
[WhiteElo "1982"]
[BlackElo "1726"]
[PlyCount "95"]
[EventDate "2005.03.25"]
[EventType "swiss"]
[EventRounds "7"]
[EventCountry "AUS"]
[SourceTitle "CBM 105 Extra"]
[Source "ChessBase"]
[SourceDate "2005.05.01"]
[SourceVersion "1"]
[SourceVersionDate "2005.05.01"]
[SourceQuality "1"]

1. e4 c5 2. d4 cxd4 3. c3 d3 4. Bxd3 Nc6 5. Nf3 g6 6. Be3 Bg7 7. Na3 d6 8. Qd2 Bd7 9. 0-0-0 Rc8 10. Kb1 Qa5 11. Nc4 Qc7 12. Rhe1 b5 13. Na3 a6 14. Bf4 Nf6 15. e5 dxe5 16. Nxe5 Nd5 17. Bxb5 Nxe5 18. Qxd5 axb5 19. Bxe5 Bf5+ 20. Ka1 Bxe5 21. Qxb5+ Kf8 22. Qxe5 Qxe5 23. Rxe5 e6 24. Nb5 Ke7 25. Nd6 Rcd8 26. Nxf5+ gxf5 27. Ree1 Rdg8 28. g3 h5 29. b4 f4 30. Rd4 fxg3 31. hxg3 h4 32. Rxh4 Rxh4 33. gxh4 Rg2 34. Re2 Kd6 35. Kb2 f5 36. Rd2+ Kc6 37. Kb3 Rh2 38. a4 Rxh4 39. Rd4 f4 40. Kc4 e5 41. b5+ Kc7 42. Rd5 f3+ 43. Kc5 Rxa4 44. Rxe5 Ra2 45. b6+ Kd7 46. Rd5+ Ke6 47. Kc6 Rb2 48. Rc5 1-0

[Event "Doeberl Cup 43rd"]
[Site "Canberra"]
[Date "2005.03.26"]
[Round "3"]
[White "Kordahi, Nicholas"]
[Black "Zivanovic, Andjelija"]
[Result "1-0"]
[WhiteElo "1726"]
[BlackElo "1758"]
[PlyCount "48"]
[EventDate "2005.03.25"]
[EventType "swiss"]
[EventRounds "7"]
[EventCountry "AUS"]
[SourceTitle "CBM 105 Extra"]
[Source "ChessBase"]
[SourceDate "2005.05.01"]
[SourceVersion "1"]
[SourceVersionDate "2005.05.01"]
[SourceQuality "1"]

1. e4 c5 2. Nf3 Nc6 3. d4 cxd4 4. Nxd4 g6 5. Nc3 Bg7 6. Be3 Nf6 7. Be2 0-0 8. 0-0 d5 9. Nb3 Be6 10. f4 Qd7 11. Qe1 Ng4 12. Bxg4 Bxg4 13. Qg3 a5 14. Nxd5 Ra6 15. c3 Be6 16. Rad1 Bxd5 17. Rxd5 Qe6 18. Qf3 f5 19. e5 a4 20. Nd4 Nxd4 21. Bxd4 Rc6 22. Rd1 Re8 23. a3 Rec8 24. Rb5 Qd7 1-0

[Event "Doeberl Cup 42nd"]
[Site "Canberra"]
[Date "2004.04.11"]
[Round "5"]
[White "Cronan, James"]
[Black "Kordahi, Nicholas"]
[Result "1-0"]
[WhiteElo "2095"]
[BlackElo "1932"]
[PlyCount "98"]
[EventDate "2004.04.09"]
[EventType "swiss"]
[EventRounds "7"]
[EventCountry "AUS"]
[SourceTitle "EXT 2005"]
[Source "ChessBase"]
[SourceDate "2004.11.15"]
[SourceVersion "1"]
[SourceVersionDate "2004.11.15"]
[SourceQuality "1"]

1. d4 Nf6 2. c4 g6 3. Nc3 d5 4. Bf4 Bg7 5. e3 0-0 6. h3 c6 7. Nf3 Qa5 8. Qb3 Nbd7 9. Be2 dxc4 10. Bxc4 b5 11. Bd3 Nd5 12. Bg3 N7b6 13. 0-0 Be6 14. Nxd5 Bxd5 15. Qc3 Qxc3 16. bxc3 Bc4 17. Rfd1 Bxd3 18. Rxd3 Rfe8 19. Ne5 Rac8 20. Rdd1 f6 21. Nd3 Na4 22. Rac1 c5 23. f3 cxd4 24. cxd4 Bh6 25. Kf2 Nc3 26. Rd2 Nd5 27. f4 Rxc1 28. Nxc1 Rc8 29. Nd3 Rc3 30. e4 Nb6 31. Nc5 e5 32. Ne6 Nc4 33. Re2 exd4 34. Nxd4 b4 35. Nb5 Rc1 36. Nxa7 Bf8 37. Nb5 Bc5+ 38. Kf3 f5 39. Bf2 Rf1 40. exf5 gxf5 41. Kg3 Bxf2+ 42. Rxf2 Rd1 43. Kh4 Kf7 44. Kg5 Ne3 45. Re2 Rd3 46. Nc7 Rc3 47. Na6 b3 48. Nb4 Rc2 49. Rxe3 bxa2 1-0

[Event "Doeberl Cup 42nd"]
[Site "Canberra"]
[Date "2004.04.10"]
[Round "4"]
[White "Kordahi, Nicholas"]
[Black "Dragicevic, Domagoj"]
[Result "1/2-1/2"]
[WhiteElo "1932"]
[BlackElo "2087"]
[PlyCount "104"]
[EventDate "2004.04.09"]
[EventType "swiss"]
[EventRounds "7"]
[EventCountry "AUS"]
[SourceTitle "EXT 2005"]
[Source "ChessBase"]
[SourceDate "2004.11.15"]
[SourceVersion "1"]
[SourceVersionDate "2004.11.15"]
[SourceQuality "1"]

1. e4 c5 2. Nc3 a6 3. g3 b5 4. Bg2 Bb7 5. d3 e6 6. f4 b4 7. Nce2 d5 8. exd5 Bxd5 9. Nf3 Nc6 10. 0-0 Nf6 11. f5 e5 12. Re1 Be7 13. h3 0-0 14. g4 Rc8 15. Ng3 Nd7 16. Qe2 c4 17. dxc4 Bxf3 18. Qxf3 Nd4 19. Qd3 Bh4 20. Kh2 Qc7 21. b3 Bxg3+ 22. Qxg3 Nxc2 23. Bb2 Nxa1 24. Bxa1 Rfe8 25. Kh1 Qd6 26. g5 Nc5 27. Bd5 Kf8 28. Qh4 Nd3 29. Qxh7 Ke7 30. Re3 e4 31. Qxg7 Rf8 32. Rxe4+ Kd7 33. Rd4 Qg3 34. Be4+ Kc7 35. Rxd3 Qe1+ 36. Kh2 Qxe4 37. Qe5+ Qxe5+ 38. Bxe5+ Kc6 39. Kg3 Rfe8 40. Kf4 Rcd8 41. Rxd8 Rxd8 42. g6 fxg6 43. fxg6 Kd7 44. g7 Ke7 45. Kf5 Kf7 46. h4 Rd5 47. h5 Rd2 48. h6 Rf2+ 49. Kg5 Rg2+ 50. Kh5 Rg1 51. c5 Rh1+ 52. Kg5 Rg1+ 1/2-1/2

[Event "Doeberl Cup 41st"]
[Site "Canberra"]
[Date "2003.04.18"]
[Round "1"]
[White "Fariz, Shafruddin"]
[Black "Kordahi, Nicholas"]
[Result "1-0"]
[WhiteElo "2120"]
[BlackElo "2008"]
[PlyCount "83"]
[EventDate "2003.04.05"]
[EventType "swiss"]
[EventRounds "7"]
[EventCountry "AUS"]
[SourceTitle "CBM 093 Extra"]
[Source "ChessBase"]
[SourceDate "2003.05.09"]
[SourceVersion "1"]
[SourceVersionDate "2003.05.09"]
[SourceQuality "1"]

1. e4 c5 2. c3 Nf6 3. e5 Nd5 4. d4 cxd4 5. Nf3 Nc6 6. cxd4 e6 7. Nc3 Nxc3 8. bxc3 d6 9. exd6 Bxd6 10. Bd3 Bd7 11. 0-0 Rc8 12. Rb1 Qc7 13. Re1 Ne7 14. c4 b6 15. h3 Ng6 16. Ng5 Bf4 17. c5 bxc5 18. Ba6 Rb8 19. Bxf4 Nxf4 20. Rxb8+ Qxb8 21. dxc5 Bc6 22. Qc2 Nxg2 23. Rb1 Qe5 24. Bb7 Bxb7 25. Rxb7 Qxg5 26. Qa4+ Kf8 27. Qg4 Qxg4 28. hxg4 Nf4 29. Rb8+ Ke7 30. Rxh8 Nd3 31. Rxh7 Nxc5 32. Rxg7 a5 33. Kf1 Kf6 34. Rg8 Ke5 35. Ra8 a4 36. Ra5 Kd4 37. Ke2 Kc4 38. Kd2 Kb4 39. Ra7 Ne4+ 40. Kc2 Nxf2 41. Rxf7 Ka3 42. Rxf2 1-0

[Event "AUS-ch reserves"]
[Site "Melbourne"]
[Date "2002.01.03"]
[Round "6"]
[White "Horwood, Melba"]
[Black "Kordahi, Nicholas"]
[Result "1-0"]
[WhiteElo "1636"]
[BlackElo "1800"]
[PlyCount "91"]
[EventDate "2001.12.28"]
[EventType "swiss"]
[EventRounds "11"]
[EventCountry "AUS"]
[SourceTitle "EXT 2003"]
[Source "ChessBase"]
[SourceDate "2002.11.25"]
[SourceVersion "1"]
[SourceVersionDate "2002.11.25"]
[SourceQuality "1"]

1. e4 c5 2. Nf3 Nc6 3. d4 cxd4 4. Nxd4 Nf6 5. Nxc6 bxc6 6. Bd3 g6 7. b3 Bg7 8. Bb2 0-0 9. 0-0 d6 10. c4 Qb6 11. Nd2 Be6 12. Qc2 d5 13. c5 Qc7 14. Rae1 dxe4 15. Nxe4 Ng4 16. f4 Rad8 17. Bxg7 Kxg7 18. h3 Nh6 19. Ng5 Bf5 20. Bxf5 Nxf5 21. Qc3+ Kg8 22. b4 Rd5 23. g4 Nh6 24. Qe3 Re8 25. Kg2 e5 26. f5 Red8 27. fxg6 hxg6 28. Ne4 Kg7 29. Qg5 Ng8 30. Rf2 Qe7 31. Ref1 Qxg5 32. Nxg5 Rd2 33. Nxf7 Rxf2+ 34. Rxf2 Rd5 35. Nd6 Kh6 36. a3 Rd3 37. Rf3 Rd2+ 38. Kg3 Ne7 39. Nf7+ Kg7 40. Nxe5 Nd5 41. Nxc6 g5 42. h4 Kg6 43. Ne7+ Kg7 44. hxg5 a5 45. Rd3 Rg2+ 46. Kxg2 1-0